Chelsea - Tous les joueurs de 2010 à 2025 - Statistiques

Statistiques générales
  • Ce quiz a été pris 1 981 fois
    696 depuis la dernière actualisation
  • Le résultat moyen est 76 sur 172
Statistiques - réponses
Saisons Nationaités Joueur Nombre
De Matchs
Poste % Correct
2012 - 2019 Belgique EdenHazard 352 A
96%
2004 - 20122014 - 2015 CoteD'ivoire DidierDrogba 381 A
94%
2016 - 2023 France N'GoloKanté 269 M
94%
2004 - 2015 RépubliqueTchèque PetrCech 494 G
92%
2012 - 2023 Espagne CésarAzpilicueta 508 D
91%
1998 - 2017 Angleterre JohnTerry 717 D
91%
2012 - 2014 Sénégal DembaBa 51 A
90%
2001 - 2014 Angleterre FrankLampard 648 M
88%
2013 - 2020 Brésil Willian 339 A
87%
2018 - 2023 Italie Jorginho 213 M
86%
2023 - Angleterre ColePalmer 91 M/A
85%
2018 - 2023 Croatie MateoKovacic 221 M
85%
2020 - 2024 Brésil ThiagoSilva 155 D
85%
2020 - 2023 Sénégal EdouardMendy 105 G
84%
2020 - 2023 Allemagne KaiHavertz 139 M/A
83%
2014 - 2018 Belgique ThibautCourtois 154 G
83%
2010 - 20142016 - 2019 Brésil DavidLuiz 248 D
82%
2022 - Espagne MarcCucurella 107 D
81%
2019 - Angleterre ReeceJames 185 D
81%
2007 - 2017 Serbie BranislavIvanovic 310 D
79%
2011 - 2019 Angleterre GaryCahill 290 D
79%
2017 - 2022 Allemagne AntonioRudiger 203 D
78%
2019 - 2023 États - Unis ChristianPulisic 145 A
78%
2022 - Argentine EnzoFernández 108 M
78%
2005 - 20122013 - 2014 Ghana MichaelEssien 256 M
78%
2011 - 20122021 - 2022 Belgique RomeluLukaku 59 A
78%
2014 - 2019 Espagne CescFabregas 198 M
77%
2014 - 2018 Espagne DiegoCosta 120 A
77%
2017 - 2021 France OlivierGiroud 119 A
77%
2013 - 2015 Egypte MohamedSalah 19 A
76%
2023 - Espagne RobertSanchez 55 G
76%
2014 - 20152017 - 2022 Danemark AndreasChristensen 161 D
75%
2018 - 2023 Espagne KepaArrizabalaga 163 G
75%
2023 - Equateur MoisesCaicedo 93 M
75%
2022 - 2023 CoteD'ivoire DavidDatro Fofana 4 A
74%
2010 - 2014 Espagne FernandoTorres 172 A
74%
2022 - France WesleyFofana 36 D
74%
2020 - 2023 Maroc HakimZiyech 107 A
73%
2006 - 2017 Nigéria John ObiMikel 372 M
73%
2012 - 2017 Brésil Oscar 203 M
73%
2013 - 2014 Belgique KevinDe Bruyne 9 M
72%
2023 - France MaloGusto 78 D
72%
2019 - 2023 Angleterre MasonMount 195 M
72%
2023 - 2025 Sénégal NicolasJackson 78 A
72%
2015 - 2020 Espagne Pedro 206 A
72%
2006 - 2014 Angleterre AshleyCole 337 D
71%
2022 - Ukraine MykhayloMudryk 73 A
71%
2022 - 2024 Angleterre RaheemSterling 81 A
71%
2010 - 2016 Brésil Ramires 251 M
71%
2017 - 2018 Angleterre DujonSterling 2 D
70%
2022 - France BenoitBadiashile 53 D
69%
2016 - 2022 Espagne MarcosAlonso 212 D
69%
2023 - France AxelDisasi 61 D
68%
2020 - 2022 Allemagne TimoWerner 89 A
68%
2013 - 2017 Serbie NemanjaMatic 151 M
67%
2007 - 2012 France NicolasAnelka 184 A
67%
2017 - 2019 Espagne AlvaroMorata 72 A
66%
2011 - 2014 Espagne JuanMata 135 M
65%
2024 - Portugal PedroNeto 45 A
64%
2022 - 2023 Gabon Pierre - EmerickAubameyang 21 A
64%
2020 - Angleterre BenChilwell 107 D
62%
2023 - 2025 France ChristopherNkunku 56 M/A
62%
2007 - 2012 France FlorentMalouda 229 A
60%
2012 - 20132016 - 2019 Nigéria VictorMoses 128 D/M
59%
2014 - 20172019 - 2021 France KurtZouma 151 D
58%
2013 - 2014 Cameroun SamuelEto'o 35 A
58%
2022 - 20232024 - Portugal JoaoFelix 40 A
56%
2016 - 2017 Angleterre NathanielChalobah 15 M
56%
2021 - Angleterre TrevohChalobah 99 D
56%
2022 - 2023 Sénégal KalidouKoulibaly 32 D
55%
2016 - 20182019 - 2020 Belgique MichyBatshuayi 77 A
55%
2006 - 2012 Cote D'ivoire SalomonKalou 254 A
54%
2015 - 20162019 - 2021 Angleterre TammyAbraham 82 A
54%
2023 - Belgique RomeoLavia 19 M
53%
2017 - 2021 Argentine WillyCaballero 38 G
52%
2017 - 2021 Italie Emerson 71 D
51%
2023 - Angleterre LeviColwill 70 D
51%
2022 - 2025 Angleterre NoniMadueke 87 A
51%
2013 - 2015 Allemagne AndréSchurrle 65 A
50%
2014 - 20172018 - 2020 2021 - 2023 Angleterre RubenLoftus - Cheek 155 M
50%
2017 - 2018 France TiemouéBakayoko 43 M
47%
2014 - 2016 France LoicRémy 47 A
46%
2015 - 2016 Colombie RadamelFalcao 12 A
46%
2017 - 2019 Angleterre DannyDrinkwater 23 M
44%
2019 - 20202022 - 2023 Albanie ArmandoBroja 19 A
43%
2015 - 2016 BurkinaFaso BertrandTraoré 16 A
42%
2017 - 2019 Italie DavideZappacosta 52 D
42%
2023 - 2024 Serbie DjordjePetrovic 31 G
42%
2018 - 2019 Argentine GonzaloHiguain 18 A
42%
2015 - 2017 Bosnie AsmirBegovic 33 G
41%
2022 - 2024 Angleterre ConorGallagher 95 M
41%
2024 - 2025 Angleterre JadonSancho 42 A
41%
2008 - 2012 Portugal JoséBosingwa 126 D
40%
2024 - Danemark FilipJorgensen 23 G
39%
2018 - 2022 Angleterre CallumHudson - Odoi 126 A
38%
2021 - 2022 France MalangSarr 21 D
37%
2011 - 2012 Portugal RaulMeireles 48 M
37%
2007 - 2012 Brésil Alex 134 D
36%
2014 - 2015 Brésil FilipeLuis 26 D
36%
2014 - 2015 Colombie JuanCuadrado 15 D/M
36%
2017 - 20202021 - 2022 Angleterre RossBarkley 100 M
35%
2019 - 2021 Écosse BillyGilmour 22 M
33%
2015 - 20172019 - 2021 Angleterre FikayoTomori 27 D
33%
2012 - 20152016 - 2017 Pays - Bas NathanAké 17 D
33%
2024 - 2025 Angleterre KieranDewsbury - Hall 31 M
32%
2009 - 2013 Angleterre DanielSturridge 96 A
31%
2024 - Espagne MarcGuiu 14 A
31%
2024 - Angleterre TosinAdarabioyo 37 D
31%
2022 - 2023 Suisse DenisZakaria 11 M
30%
2010 - 2014 Angleterre RyanBertrand 57 D
29%
2015 - 2016 Brésil AlexandrePato 2 A
27%
2017 - 2018 Belgique CharlyMusonda 7 A
27%
2023 - 2024 France LesleyUgochukwu 15 M
27%
2021 - 2023 Angleterre LewisHall 12 D
27%
2004 - 2013 Portugal PauloFerreira 217 D
25%
2010 - 2011 Israel YossiBenayoun 24 A
25%
2015 - 2016 Ghana Abdul - RahmanBaba 23 D
24%
2015 - 20182021 - 2022 Brésil Kenedy 30 A
24%
2023 - Angleterre JoshAcheampong 13 D
23%
2024 - 2025 Portugal RenatoVeiga 18 D
23%
2009 - 2011 RépubliqueDémocratique Du Congo GaelKakuta 16 M/A
22%
2021 - 2022 Espagne SaulNiguez 23 M
22%
2022 - 2025 Autriche CarneyChukwuemeka 32 M
21%
2017 - 2019 PaysDe Galles EthanAmpadu 12 D/M
21%
2013 - 20142016 - 2017 Pays - Bas MarcoVan Ginkel 4 M
20%
2012 - 2013 Brésil LucasPiazon 3 A
19%
2019 - 20202023 - 2024 Pays - Bas IanMaatsen 16 D
18%
2024 - Angleterre TyriqueGeorge 24 A
18%
2023 - 2025 Italie CesareCasadei 17 M
17%
2014 - 2015 Angleterre DominicSolanke 1 A
16%
2015 - 2017 Nigéria OlaAina 6 D
16%
2011 - 2013 Espagne OriolRomeu 33 M
16%
2009 - 2011 Russie YuriyZhirkov 49 D/M
16%
2021 - 2025 Angleterre MarcusBettinelli 1 G
15%
2015 - 2016 États - Unis MattMiazga 2 D
15%
2023 - 2024 Belgique DiegoMoreira 1 A
14%
2012 - 2013 Allemagne MarkoMarin 16 M
13%
2019 - 2020 Angleterre MarcGuéhi 2 D
12%
2024 - 2025 France MathisAmougou 2 M
12%
2023 - 2024 Angleterre AlfieGilchrist 17 D
11%
2023 - Brésil DeividWashington 3 A
11%
2017 - 2018 Cote D'ivoire JérémieBoga 1 A
10%
2013 - 2014 RépubliqueTchèque TomasKalas 4 D
10%
2006 - 2014 Portugal Hilario 39 G
9%
2015 - 2016 Sénégal PapyDjilobodji 1 D
9%
2009 - 2013 Angleterre RossTurnbull 19 G
9%
2021 - 2022 Angleterre HarveyVale 5 M
8%
2014 - 2015 Angleterre IzzyBrown 1 M
8%
2021 - 2022 Angleterre JudeSoonsup - Bell 1 A
8%
2013 - 2015 Australie MarkSchwarzer 12 G
8%
2019 - 2020 Ghana TariqLamptey 3 D
8%
2011 - 2012 Angleterre SamHutchinson 6 D/M
7%
2019 - 2021 Angleterre TinoAnjorin 5 M
7%
2009 - 2011 Pays - Bas JeffreyBruma 10 D
6%
2010 - 2012 Angleterre JoshMcEachran 22 M
6%
2013 - 20142021 - 2022 Angleterre LewisBaker 2 M
5%
2009 - 2011 Pays - Bas PatrickVan Aanholt 8 D
5%
2024 - Angleterre ShumairaMheuka 5 A
5%
2021 - 2022 Angleterre XavierSimons 1 M
5%
2023 - 2024 Angleterre BashirHumphreys 2 D
4%
2024 - Angleterre HarrisonMurray - Campbell 1 D
4%
2017 - 2018 États - Unis KyleScott 1 M
4%
2015 - 20162017 - 2018 Angleterre JakeClarke - Salter 2 D
3%
2023 - Finlande JimiTauriainen 2 M
3%
2024 - 2025 Angleterre KianoDyer 1 M
3%
2024 - 2025 Angleterre SamRak - Sakyi 4 A
3%
2023 - 2024 Angleterre AlexMatos 2 M
2%
2024 - Angleterre AtoAmpah 1 A
2%
2013 - 2014 Angleterre JohnSwift 1 M
2%
2023 - 2024 Angleterre LeoCastledine 1 M
2%
2023 - 2024 Angleterre MasonBurstow 3 A
2%
2023 - 2024 Angleterre MichaelGolding 1 M
1%
Aucun quiz correspondant
Distribution des résultats
% des personnes avec chaque résultat
Percentile par nombre de réponses
Votre historique - résultats
Vous n’avez pas pris ce quiz depuis la dernière actualisation